000
00321nam a2200121Ia 4500
008
240624s9999 xx 000 0 und d
041
_a
eng
082
_a
658.4012 SIN
100
_a
SINGLA ASHIM RAJ
245
_a
ENTERPRISE RESOURCE PLANNING
260
_c
2008
_a
New Delhi
_b
Cengage Learning
300
_a
xv, : 288p. ; 23cm.
999
_c
28778
_d
28778